| 000 | 01476nam a22002537a 4500 | ||
|---|---|---|---|
| 003 | Uzh_bibl | ||
| 008 | 260408b |||||||| |||| 00| 0 ukr d | ||
| 020 | _c2.20 | ||
| 040 | _aукр. | ||
| 041 |
_2ukr _aukr |
||
| 080 | _a821(477) | ||
| 090 |
_a821(477) _bП 32 |
||
| 100 | _aПільгук, Іван | ||
| 245 |
_aГрозовий ранок _cПередм. М. Грицая, Післям. Є. Гуцала _hТекст |
||
| 260 |
_aКиїв _bДніпро _c1979 |
||
| 300 |
_a560 с. _fВ опр. |
||
| 520 | _aДо книги увійшли повісті про життя і діяльність класиків української літератури: автора `Енеїди` Івана Котляревського (Грозовий ранок), творця популярних пісень та гуморесок Степана Руданського (Повій, вітре!), видатного прозаїка Панаса Мирного (Дуби шумлять). | ||
| 521 | _aДля широкого кола читачів | ||
| 546 | _aукр. | ||
| 650 |
_aЛітературно-художнє видання _yПеріод Друга світова війна _zУкраїна, сільська місцевість і фронтові території |
||
| 653 |
_aВійна _aМужність _aБоротьба _aПодвиг _aДоля |
||
| 655 |
_aПовість (воєнна проза) _vПовісті |
||
| 942 |
_2udc _cBK |
||
| 999 |
_c17278 _d17278 |
||